[Event "Foment Martinenc op-C 17th"]
[Site "Barcelona"]
[Date "2015.05.23"]
[Round "5"]
[White "Martinez Lopez, Ramon"]
[Black "Nunez Sanchez, Manuel"]
[Result "1-0"]
[WhiteElo "1765"]
[BlackElo "1704"]
[PlyCount "97"]
[EventDate "2015.04.25"]
[EventType "swiss"]
[EventRounds "9"]
[EventCountry "ESP"]
[SourceTitle "EXT 2017"]
[Source "ChessBase"]
[SourceDate "2016.10.25"]
[SourceVersion "1"]
[SourceVersionDate "2016.10.25"]
[SourceQuality "1"]

1. e4 e5 2. Nf3 f5 3. d3 f4 4. Nxe5 Qf6 5. Nf3 Nc6 6. Nc3 Bb4 7. Bd2 Nge7 8. a3 Bxc3 9. Bxc3 Qf7 10. Be2 0-0 11. 0-0 Ng6 12. Re1 d6 13. h3 h6 14. Qd2 Kh8 15. Rad1 a6 16. d4 Na7 17. b3 Nb5 18. a4 Nxc3 19. Qxc3 c6 20. Bc4 Qe7 21. d5 c5 22. e5 Nxe5 23. Nxe5 dxe5 24. Rxe5 Qf6 25. Rd3 Bf5 26. Rf3 Rae8 27. Rxe8 Rxe8 28. Qxf6 gxf6 29. Rxf4 Re1+ 30. Kh2 Bxc2 31. Rxf6 Kg7 32. Re6 Rxe6 33. dxe6 Kf6 34. Kg3 Bf5 35. Kf4 Bxe6 36. Bxe6 Kxe6 37. Kg4 Kd5 38. Kh5 Kd4 39. Kxh6 Kc3 40. g4 Kxb3 41. g5 c4 42. g6 c3 43. g7 c2 44. g8Q+ Kb2 45. Qg7+ Kb1 46. Qc3 c1Q+ 47. Qxc1+ Kxc1 48. a5 Kd2 49. f4 1-0

[Event "Foment Martinenc op-C 17th"]
[Site "Barcelona"]
[Date "2015.05.16"]
[Round "4"]
[White "Jimenez Rimblas, Raul"]
[Black "Nunez Sanchez, Manuel"]
[Result "0-1"]
[WhiteElo "1738"]
[BlackElo "1704"]
[PlyCount "58"]
[EventDate "2015.04.25"]
[EventType "swiss"]
[EventRounds "9"]
[EventCountry "ESP"]
[SourceTitle "EXT 2017"]
[Source "ChessBase"]
[SourceDate "2016.10.25"]
[SourceVersion "1"]
[SourceVersionDate "2016.10.25"]
[SourceQuality "1"]

1. e4 e5 2. Nf3 f5 3. Nxe5 Qf6 4. d4 d6 5. Nf3 fxe4 6. Bg5 Qg6 7. Qe2 Ne7 8. Bxe7 Bxe7 9. Nfd2 d5 10. Nc3 c6 11. f3 exf3 12. Nxf3 Qf6 13. 0-0-0 0-0 14. Ne5 Qg5+ 15. Qd2 Qxd2+ 16. Rxd2 Bg5 17. Bd3 Bxd2+ 18. Kxd2 Rf2+ 19. Ne2 Rxg2 20. h4 Nd7 21. h5 Nxe5 22. dxe5 Bg4 23. h6 g6 24. Ke3 Bxe2 25. Bxe2 Re8 26. Kf3 Rg5 27. Bd3 Rf8+ 28. Ke3 Rxe5+ 29. Kd4 Rh5 0-1

[Event "Foment Martinenc op-C 17th"]
[Site "Barcelona"]
[Date "2015.05.02"]
[Round "2"]
[White "Cano Rillo, Ricard"]
[Black "Nunez Sanchez, Manuel"]
[Result "1-0"]
[WhiteElo "1754"]
[BlackElo "1704"]
[PlyCount "51"]
[EventDate "2015.04.25"]
[EventType "swiss"]
[EventRounds "9"]
[EventCountry "ESP"]
[SourceTitle "EXT 2017"]
[Source "ChessBase"]
[SourceDate "2016.10.25"]
[SourceVersion "1"]
[SourceVersionDate "2016.10.25"]
[SourceQuality "1"]

1. e4 e5 2. Nf3 Nc6 3. Nc3 Nf6 4. Bc4 h6 5. d4 exd4 6. Nxd4 Nxd4 7. Qxd4 Be7 8. e5 Nh7 9. e6 Bf6 10. exf7+ Kf8 11. Qf4 Bg5 12. Qf3 Bxc1 13. Rxc1 Nf6 14. 0-0 c6 15. Ne4 d5 16. Nxf6 Qxf6 17. Qxf6 gxf6 18. Be2 Kxf7 19. Bh5+ Kg7 20. Rfe1 f5 21. Re7+ Kf6 22. Rce1 Kg5 23. Rg7+ Kxh5 24. Re3 f4 25. Re5+ Kh4 26. g3+ 1-0

[Event "Foment Martinenc op-A 16th"]
[Site "Barcelona"]
[Date "2014.05.03"]
[Round "2"]
[White "Garcia Ramos, Daniel"]
[Black "Nunez Sanchez, Manuel"]
[Result "1-0"]
[WhiteElo "1975"]
[BlackElo "1359"]
[PlyCount "59"]
[EventDate "2014.04.26"]
[EventType "swiss"]
[EventRounds "9"]
[EventCountry "ESP"]
[SourceTitle "EXT 2015"]
[Source "ChessBase"]
[SourceDate "2014.11.20"]
[SourceVersion "1"]
[SourceVersionDate "2014.11.20"]
[SourceQuality "1"]

1. e4 e5 2. Nf3 Nc6 3. Bb5 Nge7 4. 0-0 d6 5. c3 a6 6. Ba4 b5 7. Bc2 Ng6 8. d4 d5 9. exd5 Qxd5 10. Re1 Bg4 11. Be4 Qd7 12. h3 Bf5 13. Bxc6 Qxc6 14. Nxe5 Nxe5 15. Rxe5+ Be7 16. Rxf5 0-0 17. Qf3 Qe8 18. Re5 f6 19. Re1 Rf7 20. Bf4 Rc8 21. Nd2 g5 22. Bg3 f5 23. Be5 Qf8 24. Rad1 c6 25. b4 Bd6 26. Nb3 Bxe5 27. dxe5 Rcc7 28. Nc5 Ra7 29. Qxc6 g4 30. e6 1-0